Guardians Of The Galaxy - Statistics

General Stats
  • This quiz has been taken 50 times
  • The average score is 8 of 9
Answer Stats
Hint Answer % Correct
Groot
100%
Drax
98%
Gamora
98%
Rocket
98%
who are the members Starlord
98%
who is ronan working for Thanos
88%
which infinity stone was in the movie Power
85%
who is the main villain Ronan
83%
who uses an arrow Yondu
76%
No matching quizzes found
Score Distribution
Percent of People with Each Score
Percentile by Number Answered
Your Score History
You have not taken this quiz